Miasta Województwa Opolskiego - Statystyki

Ogólne statystyki
  • Ten quiz został rozwiązany 277 razy
  • Średni wynik to 20 z 36
Statystyki odpowiedzi
Liczba
ludności
Nazwa % Poprawnych
126 300 Opole
100%
54 847 Kędzierzyn-Koźle
94%
40 987 Nysa
92%
33 599 Brzeg
87%
22 070 Kluczbork
83%
16 879 Namysłów
80%
17 069 Strzelce Opolskie
79%
15 355 Krapkowice
77%
19 126 Prudnik
76%
11 694 Głubczyce
71%
9 075 Olesno
70%
12 745 Głuchołazy
68%
5 878 Niemodlin
63%
6 396 Gogolin
54%
6 207 Otmuchów
53%
5 574 Lewin Brzeski
51%
6 699 Paczków
50%
1 798 Ujazd
50%
5 441 Głogówek
48%
7 950 Grodków
48%
2 646 Prószków
46%
1 689 Korfantów
45%
7 993 Ozimek
45%
5 462 Kietrz
44%
6 407 Zawadzkie
44%
7 126 Praszka
43%
10 211 Zdzieszowice
43%
2 261 Biała
42%
2 425 Gorzów Śląski
39%
3 194 Kolonowskie
38%
5 332 Wołczyn
38%
2 566 Leśnica
37%
3 473 Dobrodzień
36%
3 656 Tułowice
36%
3 377 Byczyna
35%
2 826 Baborów
32%
Nie znaleziono quizów pasujących do podanych kryteriów
Rozkład punktacji
Procent ludzi z każdym wynikiem
Percentyl według liczby udzielonych odpowiedzi
Twoja historia wyników
Nie rozwiązałeś tego quizu